UM Logo

Textfiles: (Record no. 8427)

MARC details
000 -LEADER
fixed length control field 00502nam a2200157 4500
008 - FIXED-LENGTH DATA ELEMENTS--GENERAL INFORMATION
fixed length control field 180205b xxu||||| |||| 00| 0 eng d
020 ## - INTERNATIONAL STANDARD BOOK NUMBER
International Standard Book Number 0-15-591464-2
082 ## - DEWEY DECIMAL CLASSIFICATION NUMBER
Edition number 1987
Classification number DC 808.042
Item number Su2
100 ## - MAIN ENTRY--PERSONAL NAME
9 (RLIN) 26097
Personal name Sudol, Ronald A.
245 ## - TITLE STATEMENT
Title Textfiles:
Remainder of title a rhetoric for word processing/
Statement of responsibility, etc. Ronald A. Sudol.
260 ## - PUBLICATION, DISTRIBUTION, ETC. (IMPRINT)
Place of publication, distribution, etc. New York:
Name of publisher, distributor, etc. Harcourt Brace Jovanovich, Publishers,
Date of publication, distribution, etc. © 1987.
300 ## - PHYSICAL DESCRIPTION
Extent xii,308 pages;
Dimensions 24 cm.
521 ## - TARGET AUDIENCE NOTE
Target audience note Includes index.
650 #0 - SUBJECT ADDED ENTRY--TOPICAL TERM
9 (RLIN) 26098
Topical term or geographic name as entry element Word processing
942 ## - ADDED ENTRY ELEMENTS (KOHA)
Source of classification or shelving scheme Dewey Decimal Classification
Koha item type Circulation
Holdings
Withdrawn status Lost status Source of classification or shelving scheme Damaged status Not for loan Collection code Home library Current library Date acquired Source of acquisition Total Checkouts Full call number Barcode Date last seen Copy number Price effective from Koha item type
    Dewey Decimal Classification     Circulation UM Digos College - LIC UM Digos College - LIC 02/26/1994 Purchased   DC 808.042 Su2 1987 11228 05/15/2025 1 02/05/2018 Circulation